Central Library, Doon University
WEBOPAC (ONLINE PUBLIC ACCESS CATALOGUE)

Textbook of Wildlife Management (Record no. 60082)

MARC details
000 -LEADER
fixed length control field 00468nam a22001937a 4500
005 - DATE & TIME
control field 20260123135518.0
008 - FIXED-LENGTH DATA ELEMENTS--GENERAL INFORMATION
fixed length control field 260123b |||||||| |||| 00| 0 eng d
020 ## - ISBN
International Standard Book Number 9789354662751
Price 650.00
040 ## - CATALOGING SOURCE
Original cataloging agency Doon University
041 ## - Language
Language English
082 ## - DDC NUMBER
Classification number 333.954
Book Number SIN
100 ## - MAIN ENTRY--PERSONAL NAME
Personal name Singh, S.K.
245 ## - TITLE STATEMENT
Title Textbook of Wildlife Management
250 ## - EDITION STATEMENT
Edition statement 4th
260 ## - PUBLICATION, DISTRIBUTION, ETC. (IMPRINT)
Place of publication, distribution, etc New Delhi
Name of publisher, distributor, etc CBS
Date of publication, distribution, etc 2026
300 ## - PHYSICAL DESCRIPTION
Pages 436
650 ## - Subject
Subject Environmental Science
942 ## - ADDED ENTRY ELEMENTS (KOHA)
Koha item type Books
100 ## - MAIN ENTRY--PERSONAL NAME
-- 10772
952 ## - LOCATION AND ITEM INFORMATION (KOHA)
-- 2026-01-23
952 ## - LOCATION AND ITEM INFORMATION (KOHA)
-- 2026-01-23
Holdings
Withdrawn status Lost status Source of classification or shelving scheme Damaged status Not for loan Location (home branch) Sublocation or collection (holding branch) Date acquired Koha issues (times borrowed) Koha full call number Accession No. Koha date last seen Koha item type
          Doon University Doon University 23.01.2026   333.954 SIN 51812 23.01.2026 Books
          Doon University Doon University 23.01.2026   333.954 SIN 51813 23.01.2026 Books
Contact : +91-135-2533126 (Library),+91-135-2533105 (Admin Office) , Email : doonlibrary@gmail.com

Powered by Koha